日本本土五島の東西南北端 - Statistics

General Stats
  • This quiz has been taken 37 times
  • The average score is 6 of 20
Answer Stats
名前 % Correct
北海道 宗谷岬
94%
クレ崎
72%
納沙布岬
66%
本州 大間崎
66%
西 佐田岬
59%
佐多岬
53%
足摺岬
50%
魹ヶ崎
25%
白神岬
13%
西 毘沙ノ鼻
13%
四国 竹居観音岬
9%
蒲生田岬
9%
西 神崎鼻
9%
沖縄島 辺戸岬
9%
九州 門司港・太刀浦コンテナターミナル
6%
西 舟隠
3%
鶴御崎
0%
瀬嵩埼
0%
荒崎
0%
西 大嶺崎
0%
No matching quizzes found
Score Distribution
Percent of People with Each Score
Percentile by Number Answered
Your Score History
You have not taken this quiz